The creative destruction of medicine : (Record no. 235)

000 -LEADER
fixed length control field 03182cam a22006137a 4500
001 - CONTROL NUMBER
control field 16989409
003 - CONTROL NUMBER IDENTIFIER
control field OSt
005 - DATE AND TIME OF LATEST TRANSACTION
control field 20210419053852.0
008 - FIXED-LENGTH DATA ELEMENTS--GENERAL INFORMATION
fixed length control field 110930s2012 nyua b 001 0 eng
010 ## - LIBRARY OF CONGRESS CONTROL NUMBER
LC control number 2011041162
016 7# - NATIONAL BIBLIOGRAPHIC AGENCY CONTROL NUMBER
Record control number 101570407
Source DNLM
020 ## - INTERNATIONAL STANDARD BOOK NUMBER
International Standard Book Number 9780465025503 (hbk.)
020 ## - INTERNATIONAL STANDARD BOOK NUMBER
International Standard Book Number 0465025501 (hbk.)
020 ## - INTERNATIONAL STANDARD BOOK NUMBER
Canceled/invalid ISBN 9780465029341 (ebook)
020 ## - INTERNATIONAL STANDARD BOOK NUMBER
Canceled/invalid ISBN 0465029345 (ebook)
035 ## - SYSTEM CONTROL NUMBER
System control number (OCoLC)ocn756157730
040 ## - CATALOGING SOURCE
Original cataloging agency DNLM/DLC
Language of cataloging eng
Transcribing agency DLC
Modifying agency IG#
-- BTCTA
-- NLM
-- IAD
-- YDXCP
-- IK2
-- NVC
-- BDX
-- MOF
-- E7B
-- VP@
-- OCLCQ
-- CHS
-- VET
-- CDX
-- MLY
-- DLC
041 ## - LANGUAGE CODE
Language code of text/sound track or separate title eng
042 ## - AUTHENTICATION CODE
Authentication code lccopycat
050 00 - LIBRARY OF CONGRESS CALL NUMBER
Classification number R858
Item number .T655 2012
060 00 - NATIONAL LIBRARY OF MEDICINE CALL NUMBER
Classification number 2012 B-919
060 10 - NATIONAL LIBRARY OF MEDICINE CALL NUMBER
Classification number W 26.5
060 #4 - NATIONAL LIBRARY OF MEDICINE CALL NUMBER
Classification number W 26.5
Item number T675c 2012
080 ## - UNIVERSAL DECIMAL CLASSIFICATION NUMBER
Universal Decimal Classification number 61
Item number T-75
082 00 - DEWEY DECIMAL CLASSIFICATION NUMBER
Classification number 610.285
Edition number 23
100 1# - MAIN ENTRY--PERSONAL NAME
Personal name Topol, Eric J.,
Dates associated with a name 1954-
245 14 - TITLE STATEMENT
Title The creative destruction of medicine :
Remainder of title how the digital revolution will create better health care /
Statement of responsibility, etc. Eric Topol.
260 ## - PUBLICATION, DISTRIBUTION, ETC.
Place of publication, distribution, etc. New York :
Name of publisher, distributor, etc. Basic Books,
Date of publication, distribution, etc. c2012.
300 ## - PHYSICAL DESCRIPTION
Extent xi, 303 p. :
Other physical details ill. ;
Dimensions 25 cm.
365 ## - TRADE PRICE
Price amount 27.99 usd
504 ## - BIBLIOGRAPHY, ETC. NOTE
Bibliography, etc. note Includes bibliographical references and index.
505 0# - FORMATTED CONTENTS NOTE
Formatted contents note Part I. Setting the foundation. 1. The digital landscape : cultivating a data-driven, participatory culture -- 2. The orientation of medicine today : population versus individual -- 3. To what extent are consumers empowered? : clicks and tricks -- Part II. Capturing the data. 4. Physiology : wireless sensors -- 5. Biology : sequencing the genome -- 6. Anatomy : from imaging to printing organs -- 7. Electronic health records and health information technology -- 8. The convergence of human data capture -- Part III. The impact of homo digitus. 9. Doctors with plasticity? -- 10. Rebooting the life science industry -- 11. Homo digitus and the individual.
520 ## - SUMMARY, ETC.
Summary, etc. A professor of medicine reveals how technology like wireless internet, individual data, and personal genomics can be used to save lives.
650 #0 - SUBJECT ADDED ENTRY--TOPICAL TERM
Topical term or geographic name entry element Medical informatics.
650 #0 - SUBJECT ADDED ENTRY--TOPICAL TERM
Topical term or geographic name entry element Information resources management.
650 12 - SUBJECT ADDED ENTRY--TOPICAL TERM
Topical term or geographic name entry element Medical Informatics Applications.
650 22 - SUBJECT ADDED ENTRY--TOPICAL TERM
Topical term or geographic name entry element Biomedical Technology.
650 22 - SUBJECT ADDED ENTRY--TOPICAL TERM
Topical term or geographic name entry element Delivery of Health Care
General subdivision trends.
650 22 - SUBJECT ADDED ENTRY--TOPICAL TERM
Topical term or geographic name entry element Diffusion of Innovation.
650 22 - SUBJECT ADDED ENTRY--TOPICAL TERM
Topical term or geographic name entry element Health Communication.
650 22 - SUBJECT ADDED ENTRY--TOPICAL TERM
Topical term or geographic name entry element Internet.
650 #7 - SUBJECT ADDED ENTRY--TOPICAL TERM
Topical term or geographic name entry element Medicine
General subdivision Information resources.
Source of heading or term sears
650 #7 - SUBJECT ADDED ENTRY--TOPICAL TERM
Topical term or geographic name entry element Information resources management.
Source of heading or term sears
653 ## - INDEX TERM--UNCONTROLLED
Uncontrolled term მედიცინა
653 ## - INDEX TERM--UNCONTROLLED
Uncontrolled term ინფორმატიკა
653 ## - INDEX TERM--UNCONTROLLED
Uncontrolled term სამედიცინო ინფორმატიკა
653 ## - INDEX TERM--UNCONTROLLED
Uncontrolled term ბიოსამედიცინო ტექნოლოგიები
653 ## - INDEX TERM--UNCONTROLLED
Uncontrolled term სამედიცინო რესურსების გამოყენება
653 ## - INDEX TERM--UNCONTROLLED
Uncontrolled term სამედიცინო ინფორმაციის მართვა
906 ## - LOCAL DATA ELEMENT F, LDF (RLIN)
a 7
b cbc
c copycat
d 2
e epcn
f 20
g y-gencatlg
942 ## - ADDED ENTRY ELEMENTS (KOHA)
Source of classification or shelving scheme
Koha item type Books
Holdings
Withdrawn status Lost status Source of classification or shelving scheme Damaged status Not for loan Permanent location Current location Date acquired Inventory number Full call number Barcode Date last seen Price effective from Koha item type
          Ken Walker International University Ken Walker International University 11/13/2020 239 61 T-75 239 11/13/2020 11/13/2020 Books

Powered by Koha